000 00736cab a2200205 4500
001 WB3044-63
008 090401t1994 xxu||||| |||| 00| 0 eng d
035 _a(Sirsi) u10525
041 _aeng
245 _aGoodbye ARCUK
260 _c1994
350 _a0
490 _aArchitects` Journal
_v200(20) 24 November 1994, 7(1)
520 _aGovernment has decided on the future of architectural registration and it is not Arcuk. The new body, the Architects` Registration Board will comprise seven architects and eight consumer representatives.
650 _aARCHITECTS REGISTRATION BOARD
650 _aARCHITECTS REGISTRATION
690 _aMANAGEMENT-BUSINESS MANAGEMENT-PROFESSIONAL PRACTICE
942 _n0
948 _c04/03/1997
999 _c6650
_d6650